Score 0/20 Timer 05:00
0 Plays Today
% Correct
Dmitry Yazov
66.7%
Bette Midler
66.7%
Bob Aspromonte
33.3%
Romulus Augustulus
33.3%
Frank Buckles
33.3%
Alex Rogan
33.3%
Eugene Cernan
33.3%
Charles Carroll
33.3%
Otto von Hapsburg
33.3%
Nicole Dunsdon
33.3%
% Correct
Uncas
33.3%
Frank Watherman
33.3%
Maudie Hopkins
33.3%
Mohammad Reza Pahlavi
33.3%
Nabi Tajima
0%
Howie Long
0%
Moses Malone
0%
Janet Parker
0%
Hamida Djandoubi
0%
Kelton Rena
0%
Remove Ads.
Support Sporcle.
Get the best of Sporcle when you Go Orange. This ad-free experience offers more features, more stats, and more fun while also helping to support Sporcle. Thank you for becoming a member.

You're not logged in!

Compare scores with friends on all Sporcle quizzes.
OR
Log In

Sporcle TV

Today on Sporcle TV


Watch our educational content, quiz creation guides, and fun videos on Sporcle TV.

Show Comments

Extras

Top Quizzes Today


Score Distribution

Paid Content

Your Account Isn't Verified!

In order to create a playlist on Sporcle, you need to verify the email address you used during registration. Go to your Sporcle Settings to finish the process.

Report this User

Report this user for behavior that violates our Community Guidelines.

Details: